Physical methods in organic chemistry (Record no. 20552)

MARC details
000 -LEADER
fixed length control field 00288nam a2200109Ia 4500
082 ## - DEWEY DECIMAL CLASSIFICATION NUMBER
Classification number 547:541.1
Item number SCH
100 ## - MAIN ENTRY--AUTHOR NAME
Personal name Schwarz, J C P
245 #0 - TITLE STATEMENT
Title Physical methods in organic chemistry
260 ## - PUBLICATION, DISTRIBUTION, ETC. (IMPRINT)
Place of publication London
Name of publisher Oliver & Boyd
Year of publication 1964
942 ## - ADDED ENTRY ELEMENTS (KOHA)
Koha item type Books
Holdings
Withdrawn status Lost status Damaged status Not for loan Home library Current library Date acquired Cost, normal purchase price Full call number Accession Number Koha item type
        RRII Library RRII Library 16/12/2021 0.50 547:541.1 SCH 01275 Books